000 00836nam a2200217Ia 4500
001 9047
003 GE_BSU
008 181216s||||||||xx |||||||||||||| ||und||
040 _cGE_BSU
080 _a821.353.1-31+821.353.1-32
100 _aკლდიაშვილი,სერგო
245 _aთხზულებათა კრებული ოთხ ტომად. ტომი მეორე
245 _bტომი მეორე:რომანი;მოთხრობები
245 _cრედ:ნ.კანდელაკი;მხატვ:გ.კალაძე
260 _aთბილისი.
260 _bსაბჭ.საქართველო
260 _c1973
300 _a467გვ;ილ;22სმ
653 _aრომანი;მოთხრობები
942 _cBK
999 _c42351
_d42351